Music Acts - P & Q - Statistics

General Stats
  • This quiz has been taken 35 times
    11 since last reset
  • The average score is 10 of 15
Answer Stats
Hint Answer % Correct
Paisley Park, 1999, Raspberry Beret - P Prince
100%
Radio Gaga - You're My Best Friend - Q Queen
100%
You Can't Hurry Love, I Missed Again, Sussudio - P Phil Collins
90%
King Of Pain, So Lonely, Message In A Bottle - P Police
90%
Breaking Up Is Hard To Do, I Think I Love You, Walking In The Rain - P Partridge Family
80%
It's A Sin, Opportunities, Heart - P Pet Shop Boys
80%
Automatic, Jump (For My Love), I'm So Excited - P Pointer Sisters
80%
Straight Up, Opposites Attract, Vibeology - P Paula Abdul
70%
I Go To Sleep, Stop Your Sobbing, Brass In Pocket - P Pretenders
70%
So What, God is A DJ, Just Like A Pill - P Pink
60%
Buttons, Don't Cha, When I Grow Up - P Pussycat Dolls
60%
Diana, Lonely Boy, (You're) Having My Baby - P Paul Anka
50%
Given To Fly, Jeremy, Nothing As It Seems - P Pearl Jam
50%
Jailbird, Country Girl, Kowalski - P Primal Scream
10%
Stuff Like That, Ai No Corrida - Q Quincy Jones
10%
No matching quizzes found
Score Distribution
Percent of People with Each Score
Percentile by Number Answered
Your Score History
You have not taken this quiz since the last reset